000 00543 a2200157 4500
001 ART_6719
005 20260410161826.0
008 260409a
245 1 0 _aPatrones de dinámica industrial en la industria manufacturera del Partido de General Pueyrredón en el período 1994-2005
100 1 _aGennero de Rearte, Ana M.
700 1 _aLiseras, Natacha
700 1 _aGraña, Fernando
700 1 _aCalá, Carla Daniela
700 1 _aVeira, Gastón
773 0 _tFACES
_g- Año 14, Nº 30/31 (ene./dic. 2008)
_wREV5046
999 _c22825
_d22825